| 000 | 00351nam a2200133 a 4500 | ||
|---|---|---|---|
| 005 | 20141022141958.0 | ||
| 008 | 120306s19uu xx 00 eng d | ||
| 050 |
_aCD-ROM _bSm5 2004 |
||
| 100 | _aSmith, Bud E. | ||
| 245 |
_aCreating web pages for dummies / _cBud Smith, Arthur Bebak. |
||
| 250 | _a7th ed. | ||
| 700 | _aBebak, Arthur | ||
| 942 | _cAVM | ||
| 999 |
_c276105 _d276105 |
||